| 000 | 00454nam a2200169Ia 4500 | ||
|---|---|---|---|
| 008 | 151213s9999 xx 000 0 und d | ||
| 020 | _a007-123237-0 | ||
| 100 | _aDonnbushch .Fischer / Startz | ||
| 245 |
_aMacro Economics _cDonnbushch .Fischer / Startz |
||
| 250 | _a9TH | ||
| 260 |
_aU S A _bMc Graw Hill Edition _c2006 |
||
| 300 | _a9267 p. | ||
| 650 | _aEconomics | ||
| 650 | _aEconomics | ||
| 700 | _aDonnbushch .Fischer / Startz | ||
| 999 |
_c4733 _d4733 |
||